Pharmacy Law and Eithics (Record no. 13462)

MARC details
000 -LEADER
fixed length control field 00434nam a22001817a 4500
003 - CONTROL NUMBER IDENTIFIER
control field OSt
008 - FIXED-LENGTH DATA ELEMENTS--GENERAL INFORMATION
fixed length control field 250426b |||||||| |||| 00| 0 eng d
020 ## - INTERNATIONAL STANDARD BOOK NUMBER
International Standard Book Number 9788125601166
082 ## - DEWEY DECIMAL CLASSIFICATION NUMBER
Classification number 344.104 SIP
100 ## - MAIN ENTRY--PERSONAL NAME
Personal name Siddiqui, Anees Ahmad
245 ## - TITLE STATEMENT
Title Pharmacy Law and Eithics
250 ## - EDITION STATEMENT
Edition statement 1st
260 ## - PUBLICATION, DISTRIBUTION, ETC. (IMPRINT)
Place of publication, distribution, etc Delhi
Name of publisher, distributor, etc Tara Pub
300 ## - PHYSICAL DESCRIPTION
Extent vii,304
650 ## - SUBJECT ADDED ENTRY--TOPICAL TERM
Topical term or geographic name as entry element Pharmacy law and Eithics
700 ## - ADDED ENTRY--PERSONAL NAME
Personal name Siddiqui, Seema
942 ## - ADDED ENTRY ELEMENTS (KOHA)
Source of classification or shelving scheme Dewey Decimal Classification
Koha item type Text Books
Holdings
Withdrawn status Lost status Source of classification or shelving scheme Damaged status Not for loan Collection code Home library Current library Date acquired Source of acquisition Currency Cost, normal purchase price Bill Number Total Checkouts Full call number Acc. no. / Barcode Date last seen Actual Cost, discounted price Bill Date Koha item type Date last borrowed Checked out
    Dewey Decimal Classification     Diploma in Pharmacy PIET C-LIBRARY PIET C-LIBRARY 15/04/2025 Zafaa Books Distributres Rs 200.00 ZBD0027   344.104 SIP DP1461 26/04/2025 140.00 11/04/2025 Reference Books    
    Dewey Decimal Classification     Diploma in Pharmacy PIET C-LIBRARY PIET C-LIBRARY 15/04/2025 Zafaa Books Distributres Rs 200.00 ZBD0027 8 344.104 SIP DP1462 15/04/2026 140.00 11/04/2025 Text Books 09/04/2026  
    Dewey Decimal Classification     Diploma in Pharmacy PIET C-LIBRARY PIET C-LIBRARY 15/04/2025 Zafaa Books Distributres Rs 200.00 ZBD0027 1 344.104 SIP DP1463 27/10/2025 140.00 11/04/2025 Text Books 27/10/2025 15/05/2026
    Dewey Decimal Classification     Diploma in Pharmacy PIET C-LIBRARY PIET C-LIBRARY 15/04/2025 Zafaa Books Distributres Rs 200.00 ZBD0027 5 344.104 SIP DP1464 03/02/2026 140.00 11/04/2025 Text Books 28/01/2026  
    Dewey Decimal Classification     Diploma in Pharmacy PIET C-LIBRARY PIET C-LIBRARY 15/04/2025 Zafaa Books Distributres Rs 200.00 ZBD0027 7 344.104 SIP DP1465 21/04/2026 140.00 11/04/2025 Text Books 07/04/2026  

Design & Developed by: PIET Central Library
R70 Miles Stone Pattikalyana Samalkha Panipat 132102
mail ID :- [email protected], Phone No:- 0180-2569700 Ex.216